| 000 | 00411nam a2200145Ia 4500 | ||
|---|---|---|---|
| 008 | 231217s9999 xx 000 0 und d | ||
| 041 | _aEnglish | ||
| 082 | _a620.3 LAL.4;1 R | ||
| 100 | _aLalanne, Christian | ||
| 245 | 0 | _aMechanical vibration and shock V.4 : Fatigue damage | |
| 260 |
_c2002 _bHPS _aLondon |
||
| 300 | _aix+352 | ||
| 650 | _aMechanical,vibration,shock,V.4,:,Fatigue,damage | ||
| 942 | _cAA | ||
| 999 |
_c174782 _d174782 |
||